Education of the gifted and talented.
Saved in:
| Corporate Author: | |
|---|---|
| Format: | Book |
| Language: | English |
| Published: |
[Washington]
1971.
|
| Subjects: | |
| Tags: |
Add Tag
No Tags, Be the first to tag this record!
|
| LEADER | 01164cam a2200301 4500 | ||
|---|---|---|---|
| 001 | 003106251-2 | ||
| 005 | 20020606093309.7 | ||
| 008 | 720119s1971 dcua b 000 0 eng | ||
| 010 | |a 77614827 | ||
| 035 | 0 | |a ocm00241281 | |
| 040 | |a DLC |c DLC |d m/c |d HMG | ||
| 043 | |a n-us--- | ||
| 050 | 0 | |a LC3993 |b .A52 | |
| 082 | |a 371.95 | ||
| 086 | 0 | |a HE 5.2:G36/2 | |
| 110 | 1 | |a United States. |b Office of Education. | |
| 245 | 1 | 0 | |a Education of the gifted and talented. |
| 260 | |a [Washington] |c 1971. | ||
| 300 | |a 2 v. |b illus. |c 28 cm. | ||
| 504 | |a Includes bibliography. | ||
| 505 | 0 | |a v. 1. Report to the Congress of the United States by the U.S. Commissioner of Education.--v. 2. Background papers (appendixes). | |
| 505 | |a "S.P. Marland, Jr., Commissioner of Education." | ||
| 650 | 0 | |a Gifted children |x Education |z United States. | |
| 650 | 2 | |a Child, Gifted |x education. | |
| 650 | 2 | |a Education, Special. | |
| 776 | 0 | 8 | |i Online version: |a United States. Office of Education. |t Education of the gifted and talented. |d [Washington, D.C.] : Commissioner of Education, Department of Health, Education, and Welfare, 1971 |w (OCoLC)919795957 |
| 988 | |a 20020608 | ||
| 906 | |0 DLC | ||


